000 01263nam a22002777a 4500
005 20100930124221.0
008 100928t xxu||||| |||| 00| 0 hin d
010 _aHIN-90695
020 _c200.00
_a9788188441303
035 _aHN-63041
037 _bDBAD / PUB
040 _aDPL
_bHN
082 _a
100 _922145
_aझा, अविनाश कुमार
245 _aकुल्हाड़ी का दलिया:
_cअविनाश कुमार झा
_bरूसी लोक-कथाएँ /
246 _aKulhadi ka dalia
_bby Avinash Kumar Jha
260 _aदिल्ली
_bप्रथम प्रकाशन गृह
_c2010
270 _a1/10038-ई. प. गोरख पार्क, गली नं.-3, शाहदरा
_bदिल्ली
_e110032
_k011-22969962
300 _a120पृ.
_c22सेमी (सजिल्द)
_bसचित्र
650 _91169
_aलधु कहानियाँ, हिन्दी
650 _aShort Stories, Hindi
_922409
700 _922273
700 _922352
942 _2ddc
_cHN
_h
_mझाअवि
999 _c48056
_d48056